000
00265nam a22001097a 4500
003
OSt
008
231114b |||||||| |||| 00| 0 eng d
041
_a
eng
245
_a
Tantrasamuccaya
260
_a
Thiruvananthapuram :
_b
University of Travancore
_c
1942.
942
_c
BK
999
_c
17799
_d
17799